00601nam a2200169 a 450008200160000010000210001624500710003726000470010830000090015550000350016450500740019965000190027370000210029294200070031395200960032099900150041600a294.51bRYE aRyerson, Charles aRegionalism and Religion: The Tamil Renaissance & Popular Hinduism aMadrasbChristian Literature Societyc1988 a230p aincludes index and biblioraphy2 aChristian`s World/christian`s God/ Christian`s Life/christian`s Bible aHinduism-Tamil1 aRyerson, Charles cBK 00104070aHMIbHMId2007-07-23g42.00l0o294.51 RYEp013355r2007-07-23w2026-01-16yEB c6772d6772